Убить пересмешника...: роман; пер. с англ.

Λεπτομέρειες βιβλιογραφικής εγγραφής
Κύριος συγγραφέας: Ли Х. Харпер
Άλλοι συγγραφείς: Галь Н. (переводчик), Облонская Р.
Περίληψη:Роман американской писательницы Харпер Ли написан от лица восьмилетней девочки и рассказывает о жизни скромной семьи Аттикуса Финча. Действие романа происходит в 1935 г. в маленьком американском городке.
Γλώσσα:Ρωσικά
Έκδοση: Москва, АСТ, 2011
Σειρά:Книга на все времена
Θέματα:
Μορφή: MixedMaterials Βιβλίο
KOHA link:https://koha.lib.tpu.ru/cgi-bin/koha/opac-detail.pl?biblionumber=347224

MARC

LEADER 00000nam0a2200000 4500
001 347224
005 20231102005956.0
010 |a 9785170691852 
010 |a 978-5-271-32805-3 
035 |a (RuTPU)RU\TPU\book\379109 
035 |a RU\TPU\book\370245 
090 |a 347224 
100 |a 20220309d2011 m y0rusy50 ca 
101 1 |a rus  |c eng 
102 |a RU 
105 |a y z 000ay 
200 1 |a Убить пересмешника...  |e роман  |e пер. с англ.  |f Х. Ли  |g пер. Н. Галь, Р. Облонскаой 
210 |a Москва  |c АСТ  |c Астрель  |d 2011 
215 |a 398 с. 
225 1 |a Книга на все времена 
330 |a Роман американской писательницы Харпер Ли написан от лица восьмилетней девочки и рассказывает о жизни скромной семьи Аттикуса Финча. Действие романа происходит в 1935 г. в маленьком американском городке. 
606 1 |a Американская литература (англо-язычная литература)  |2 stltpush  |3 (RuTPU)RU\TPU\subj\28887  |9 52349 
610 1 |a художественная литература 
610 1 |a романы 
675 |a 82  |v 4 
700 1 |a Ли  |b Х.  |g Харпер 
702 1 |a Галь  |b Н.  |4 730 
702 1 |a Облонская  |b Р.  |4 730 
801 1 |a RU  |b 63413507  |c 20181106 
801 2 |a RU  |b 63413507  |c 20220328  |g RCR 
942 |c BK